UBT Library

The Story of Art (Record no. 1295)

000 -LEADER
fixed length control field 00479nam a22001817a 4500
008 - FIXED-LENGTH DATA ELEMENTS--GENERAL INFORMATION
fixed length control field 151015b xxu||||| |||| 00| 0 eng d
020 ## - INTERNATIONAL STANDARD BOOK NUMBER
International Standard Book Number 0714832472
020 ## - INTERNATIONAL STANDARD BOOK NUMBER
International Standard Book Number 0714832472
041 0# - LANGUAGE CODE
Language code of text/sound track or separate title eng
080 ## - UNIVERSAL DECIMAL CLASSIFICATION NUMBER
Universal Decimal Classification number 73
100 1# - Rafti
Rafti Gombrich, E. H.
245 0# - TITLE STATEMENT
Title The Story of Art
Statement of responsibility, etc E.H Gombrich
250 ## -
-- 16th ed., expanded and redesigned
260 ## -
-- 1995.
-- London;
-- Phaidon press limited:
300 ## -
-- (688) f.,
-- me il.,
-- 25 cm.
650 #0 -
-- Art
-- Histori
942 ## - ADDED ENTRY ELEMENTS (KOHA)
Source of classification or shelving scheme
Item type Books
Holdings
Withdrawn status Lost status Source of classification or shelving scheme Damaged status Not for loan Collection code Permanent location Current location Shelving location Date acquired Total Checkouts Full call number Barcode Date last seen Koha item type
          Koleksioni i përgjithshem UBT - Lipjan UBT - Lipjan Koleksioni i përgjithshem 10/15/2015   73 GOM 002-008729 10/15/2015 Books
UBT Library © 2015-2024. All rights reserved University Education for Business and Technology